[Event "Titled Tuesday intern op 21st Feb Early"]
[Site "Chess.com INT"]
[Date "2023.02.21"]
[Round "3"]
[White "Bilan, Danila"]
[Black "Deev, Andrei"]
[Result "1-0"]
[WhiteElo "2303"]
[BlackElo "2390"]
[PlyCount "107"]
[EventDate "2023.02.21"]
[EventType "swiss (blitz)"]
[EventRounds "11"]
[EventCountry "USA"]
[SourceTitle "CBM 212 Extra"]
[Source "ChessBase"]
[SourceDate "2023.03.31"]
[SourceVersion "1"]
[SourceVersionDate "2023.03.31"]
[SourceQuality "1"]

1. d4 d6 2. Nf3 Bg4 3. c4 Nd7 4. Qb3 c5 5. e3 Rb8 6. Be2 Ngf6 7. Nc3 a6 8. 0-0 g6 9. Qd1 Bg7 10. b3 0-0 11. Bb2 Bxf3 12. Bxf3 b5 13. Rb1 Qa5 14. Be2 bxc4 15. Bxc4 Rfc8 16. Na4 cxd4 17. Bxd4 d5 18. Bc3 Qc7 19. Bxa6 Rd8 20. Qe2 Nc5 21. Nxc5 Qxc5 22. Bd4 Qd6 23. a4 Ne4 24. Bxg7 Kxg7 25. Rfc1 Qb4 26. Bb5 f6 27. Qb2 Nd6 28. Bf1 Rb7 29. Qd4 Qxd4 30. exd4 Rdb8 31. Rc3 Rb4 32. a5 Rxd4 33. a6 Rdb4 34. Rc7 Kf7 35. Re1 Nc8 36. g3 Rxb3 37. Bg2 R3b5 38. a7 Ra8 39. Rd7 Rxa7 40. Bxd5+ Ke8 41. Rxa7 Nxa7 42. Be6 Kf8 43. Rd1 Rb8 44. Bd7 Nb5 45. Rb1 Rd8 46. Bxb5 Rd2 47. Bf1 Kf7 48. Re1 h5 49. Re2 Rd1 50. Kg2 Rd4 51. Re3 g5 52. Be2 e5 53. Bxh5+ Kg7 54. Be2 1-0

[Event "Titled Tuesday intern op 21st Feb Early"]
[Site "Chess.com INT"]
[Date "2023.02.21"]
[Round "11"]
[White "Deev, Andrei"]
[Black "Miszler, Levente"]
[Result "0-1"]
[WhiteElo "2390"]
[BlackElo "2296"]
[PlyCount "52"]
[EventDate "2023.02.21"]
[EventType "swiss (blitz)"]
[EventRounds "11"]
[EventCountry "USA"]
[SourceTitle "CBM 212 Extra"]
[Source "ChessBase"]
[SourceDate "2023.03.31"]
[SourceVersion "1"]
[SourceVersionDate "2023.03.31"]
[SourceQuality "1"]

1. e4 e6 2. d4 d5 3. Nd2 f5 4. exf5 exf5 5. Ngf3 Nf6 6. Ne5 Bd6 7. Ndf3 0-0 8. Bd3 Ne4 9. 0-0 Nc6 10. c4 Be6 11. Nxc6 bxc6 12. c5 Be7 13. Bf4 g5 14. Be5 g4 15. Ne1 Bf6 16. Bxf6 Qxf6 17. Nc2 f4 18. f3 gxf3 19. gxf3 Ng5 20. Kh1 Kh8 21. Rg1 Rg8 22. Qe2 Nh3 23. Rxg8+ Rxg8 24. Re1 Qg5 25. Qe5+ Qxe5 26. dxe5 Nf2# 0-1

[Event "Titled Tuesday intern op 21st Feb Early"]
[Site "Chess.com INT"]
[Date "2023.02.21"]
[Round "8"]
[White "Deev, Andrei"]
[Black "Papayan, Oleg"]
[Result "1-0"]
[WhiteElo "2390"]
[BlackElo "2253"]
[PlyCount "27"]
[EventDate "2023.02.21"]
[EventType "swiss (blitz)"]
[EventRounds "11"]
[EventCountry "USA"]
[SourceTitle "CBM 212 Extra"]
[Source "ChessBase"]
[SourceDate "2023.03.31"]
[SourceVersion "1"]
[SourceVersionDate "2023.03.31"]
[SourceQuality "1"]

1. e4 d5 2. exd5 Qxd5 3. d4 e5 4. Nf3 Bg4 5. Be2 Nc6 6. c4 Bb4+ 7. Nc3 Qe4 8. 0-0 Bxc3 9. bxc3 exd4 10. cxd4 0-0-0 11. d5 Nf6 12. Be3 Bxf3 13. gxf3 Qxc4 14. Bxc4 1-0

[Event "Titled Tuesday intern op 21st Feb Early"]
[Site "Chess.com INT"]
[Date "2023.02.21"]
[Round "5"]
[White "Deev, Andrei"]
[Black "Taboas Rodriguez, Daniel"]
[Result "0-1"]
[WhiteElo "2390"]
[BlackElo "2368"]
[PlyCount "85"]
[EventDate "2023.02.21"]
[EventType "swiss (blitz)"]
[EventRounds "11"]
[EventCountry "USA"]
[SourceTitle "CBM 212 Extra"]
[Source "ChessBase"]
[SourceDate "2023.03.31"]
[SourceVersion "1"]
[SourceVersionDate "2023.03.31"]
[SourceQuality "1"]

1. e4 e5 2. Nf3 Nc6 3. Bc4 Nf6 4. d3 Bc5 5. Nc3 d6 6. h3 Be6 7. Bb3 Bxb3 8. axb3 Nd4 9. Nxd4 Bxd4 10. Ne2 Bb6 11. Ng3 g6 12. Bh6 Qe7 13. 0-0 0-0-0 14. Be3 Kb8 15. Bxb6 cxb6 16. Qe2 Rhe8 17. f4 d5 18. exd5 exf4 19. Qxe7 Rxe7 20. Rxf4 Nxd5 21. Rf2 f5 22. Nf1 Rde8 23. Nd2 Re2 24. Nf3 Nb4 25. Nd4 Rxf2 26. Kxf2 Rd8 27. Nf3 Nxc2 28. Rd1 Nd4 29. Nxd4 Rxd4 30. Ke3 Rb4 31. d4 Rxb3+ 32. Kf4 Rxb2 33. g4 fxg4 34. hxg4 h5 35. g5 Rg2 36. d5 Kc7 37. d6+ Kd7 38. Ra1 a6 39. Rb1 b5 40. Rd1 Rg4+ 41. Ke5 Rxg5+ 42. Kf6 Rg2 43. Kf7 0-1

[Event "Titled Tuesday intern op 17th Jan Early"]
[Site "Chess.com INT"]
[Date "2023.01.17"]
[Round "5"]
[White "Deev, Andrei"]
[Black "Clawitter, Craig"]
[Result "0-1"]
[WhiteElo "2390"]
[BlackElo "2050"]
[PlyCount "110"]
[EventDate "2023.01.17"]
[EventType "swiss (blitz)"]
[EventRounds "11"]
[EventCountry "USA"]
[SourceTitle "CBM 212 Extra"]
[Source "ChessBase"]
[SourceDate "2023.03.31"]
[SourceVersion "1"]
[SourceVersionDate "2023.03.31"]
[SourceQuality "1"]

1. e4 e6 2. d4 d5 3. Nd2 Be7 4. Ngf3 Nf6 5. e5 Nfd7 6. Bd3 c5 7. c3 Nc6 8. 0-0 a5 9. a3 cxd4 10. cxd4 g5 11. h3 h5 12. Re1 g4 13. hxg4 hxg4 14. Nh2 g3 15. Nhf3 gxf2+ 16. Kxf2 Nxd4 17. Nxd4 Bh4+ 18. Kg1 Bxe1 19. Qxe1 Nc5 20. Bc2 Qb6 21. N2f3 Bd7 22. Be3 Qxb2 23. Rb1 Qxa3 24. Nb5 Bxb5 25. Rxb5 b6 26. Bf2 Rc8 27. Rxb6 Ne4 28. Bxe4 Rc1 29. Rb8+ Kd7 30. Rxh8 Rxe1+ 31. Nxe1 dxe4 32. Ra8 Qc1 33. Ra7+ Kc6 34. Rxa5 e3 35. Bg3 Qd2 36. Ra1 e2 37. Bf2 Kd5 38. Ra3 Kxe5 39. Rd3 Qa2 40. Re3+ Kf5 41. g3 e5 42. Kg2 f6 43. Rf3+ Ke6 44. Re3 f5 45. Bg1 Kf6 46. Kf2 f4 47. gxf4 exf4 48. Rxe2 Qa7+ 49. Kf1 Qa6 50. Nf3 Kf5 51. Nd4+ Kg4 52. Kf2 Qb6 53. Rd2 Qb4 54. Ke2 Qc4+ 55. Ke1 Qc3 0-1

[Event "Titled Tuesday intern op 17th Jan Early"]
[Site "Chess.com INT"]
[Date "2023.01.17"]
[Round "7"]
[White "Winkels, Marcel"]
[Black "Deev, Andrei"]
[Result "0-1"]
[WhiteElo "1957"]
[BlackElo "2390"]
[PlyCount "58"]
[EventDate "2023.01.17"]
[EventType "swiss (blitz)"]
[EventRounds "11"]
[EventCountry "USA"]
[SourceTitle "CBM 212 Extra"]
[Source "ChessBase"]
[SourceDate "2023.03.31"]
[SourceVersion "1"]
[SourceVersionDate "2023.03.31"]
[SourceQuality "1"]

1. e4 d6 2. d4 Nf6 3. Nc3 c6 4. f4 Qa5 5. Bd2 Qb6 6. Nf3 Bg4 7. e5 Nd5 8. Nxd5 cxd5 9. Bc3 e6 10. Bd3 Nc6 11. Be2 Bxf3 12. Bxf3 dxe5 13. fxe5 Bb4 14. Qd3 0-0 15. 0-0-0 Rac8 16. Bxb4 Nxb4 17. Qb3 Rxc2+ 18. Kb1 Rc4 19. a3 Nc6 20. Qxb6 axb6 21. Be2 Rxd4 22. Bb5 Re4 23. Rc1 Rc8 24. Rhe1 Rxe1 25. Rxe1 Nd4 26. Bd3 g6 27. Rf1 Rc5 28. g4 Nc6 29. Re1 d4 0-1

[Event "Titled Tuesday intern op 29th Nov Early"]
[Site "Chess.com INT"]
[Date "2022.11.29"]
[Round "11"]
[White "Deev, Andrei"]
[Black "Adnan, Habib"]
[Result "0-1"]
[WhiteElo "2390"]
[BlackElo "2210"]
[PlyCount "58"]
[EventDate "2022.11.29"]
[EventType "swiss (blitz)"]
[EventRounds "11"]
[EventCountry "USA"]
[SourceTitle "EXT 2024"]
[Source "ChessBase"]
[SourceDate "2023.10.10"]
[SourceVersion "1"]
[SourceVersionDate "2023.10.10"]
[SourceQuality "1"]

1. e4 d5 2. exd5 Nf6 3. c4 e6 4. dxe6 Bxe6 5. d4 Bb4+ 6. Bd2 Bxd2+ 7. Qxd2 Qe7 8. Kd1 Nc6 9. d5 0-0-0 10. Nc3 Nxd5 11. cxd5 Bxd5 12. Nxd5 Rxd5 13. Qxd5 Rd8 14. Qxd8+ Qxd8+ 15. Kc2 Nd4+ 16. Kc3 c5 17. Nf3 Qa5+ 18. Kd3 Ne6 19. Kc2 Qb4 20. b3 g5 21. Bd3 g4 22. a3 Qf4 23. Nd2 Nd4+ 24. Kc3 b5 25. Rhe1 b4+ 26. axb4 cxb4+ 27. Kb2 Qxd2+ 28. Kb1 Qxd3+ 29. Kb2 Qc2# 0-1

[Event "Titled Tuesday intern op 29th Nov Early"]
[Site "Chess.com INT"]
[Date "2022.11.29"]
[Round "10"]
[White "Deev, Andrei"]
[Black "Mohammed, Zozek Salah Mohamme"]
[Result "0-1"]
[WhiteElo "2390"]
[BlackElo "2144"]
[PlyCount "92"]
[EventDate "2022.11.29"]
[EventType "swiss (blitz)"]
[EventRounds "11"]
[EventCountry "USA"]
[SourceTitle "EXT 2024"]
[Source "ChessBase"]
[SourceDate "2023.10.10"]
[SourceVersion "1"]
[SourceVersionDate "2023.10.10"]
[SourceQuality "1"]

1. e4 c5 2. Nf3 d6 3. c3 Nf6 4. Be2 Nc6 5. d4 cxd4 6. cxd4 Nxe4 7. d5 Qa5+ 8. Nc3 Nxc3 9. bxc3 Nb8 10. 0-0 Nd7 11. c4 Nf6 12. Bb2 Qc7 13. a4 a6 14. a5 e6 15. Bd4 Be7 16. Bb6 Qb8 17. dxe6 Bxe6 18. Nd4 0-0 19. Rb1 Nd7 20. Nxe6 fxe6 21. Bg4 Nxb6 22. Bxe6+ Kh8 23. Rxb6 Qc7 24. Bd5 Rab8 25. Qb3 Bf6 26. Qa4 Bd4 27. Rb3 Qc5 28. Qa2 Rf6 29. Rf3 Rxf3 30. Bxf3 b5 31. axb6 Qxb6 32. Bd5 a5 33. g3 Qb4 34. Kg2 a4 35. Rd1 Bc5 36. Qe2 a3 37. Qh5 Qb2 38. Rf1 Rf8 39. Be4 Rxf2+ 40. Rxf2 Qxf2+ 41. Kh3 Qf1+ 42. Kh4 Qf6+ 43. Kh3 g6 44. Qg4 a2 45. Qc8+ Kg7 46. Qb7+ Kh6 0-1

[Event "Titled Tuesday intern op 15th Nov Early"]
[Site "Chess.com INT"]
[Date "2022.11.15"]
[Round "2"]
[White "Deev, Andrei"]
[Black "Astafurov, Arseniy"]
[Result "1/2-1/2"]
[WhiteElo "2390"]
[BlackElo "2263"]
[PlyCount "109"]
[EventDate "2022.11.15"]
[EventType "swiss (blitz)"]
[EventRounds "11"]
[EventCountry "USA"]
[SourceTitle "CBM 211 Extra"]
[Source "ChessBase"]
[SourceDate "2023.01.31"]
[SourceVersion "1"]
[SourceVersionDate "2023.01.31"]
[SourceQuality "1"]

1. e4 c5 2. Nf3 e6 3. c3 d5 4. exd5 Qxd5 5. d4 Nf6 6. Bd3 Nc6 7. 0-0 Be7 8. Be3 cxd4 9. cxd4 0-0 10. Nc3 Qd6 11. Qe2 a6 12. Rad1 Nb4 13. Bb1 b5 14. Ne5 Bb7 15. Bg5 Nbd5 16. Ne4 Nxe4 17. Qxe4 f5 18. Qh4 Bxg5 19. Qxg5 Rac8 20. Rfe1 Nf6 21. h3 Be4 22. Bxe4 Nxe4 23. Qe3 Qd5 24. f3 Nd6 25. b3 Rfe8 26. Rd2 b4 27. Qd3 Nb5 28. Nc4 Rcd8 29. Red1 Rd7 30. Nb6 Qd6 31. Nxd7 Qxd7 32. Qc4 Qd6 33. Re1 Nc7 34. Rde2 Nd5 35. Re5 Kf7 36. g4 g6 37. Qc5 Qd7 38. Qxd5 exd5 39. Rxe8 fxg4 40. hxg4 Qxe8 41. Rxe8 Kxe8 42. Kf2 Ke7 43. Kg3 Kf6 44. Kh4 h6 45. f4 Kf7 46. g5 h5 47. f5 gxf5 48. Kxh5 Kg7 49. g6 f4 50. Kg4 Kxg6 51. Kxf4 Kf6 52. Kg4 Kg6 53. Kf4 Kf6 54. Kg4 Kg6 55. Kf4 1/2-1/2

[Event "Titled Tuesday intern op 15th Nov Early"]
[Site "Chess.com INT"]
[Date "2022.11.15"]
[Round "3"]
[White "Fernandez Garcia, Gumersindo"]
[Black "Deev, Andrei"]
[Result "1-0"]
[WhiteElo "2172"]
[BlackElo "2390"]
[PlyCount "71"]
[EventDate "2022.11.15"]
[EventType "swiss (blitz)"]
[EventRounds "11"]
[EventCountry "USA"]
[SourceTitle "CBM 211 Extra"]
[Source "ChessBase"]
[SourceDate "2023.01.31"]
[SourceVersion "1"]
[SourceVersionDate "2023.01.31"]
[SourceQuality "1"]

1. e4 d6 2. d4 Nf6 3. Nc3 c6 4. f4 Qa5 5. Nf3 Nxe4 6. Bd3 Bf5 7. 0-0 Nxc3 8. bxc3 Bxd3 9. Qxd3 e6 10. Bd2 g6 11. Rab1 b6 12. c4 Qf5 13. Qe2 Bg7 14. Nh4 Qxc2 15. f5 Bxd4+ 16. Kh1 e5 17. Rbc1 Qxa2 18. fxg6 hxg6 19. Qg4 Nd7 20. Rxf7 0-0-0 21. Nxg6 Qxd2 22. Rcf1 Rhe8 23. Ne7+ Kc7 24. Qf3 e4 25. Qxe4 Rxe7 26. Rxe7 Be5 27. Qf3 Qh6 28. h3 Qe6 29. Rxe6 Nc5 30. Re7+ Kb8 31. Qf7 Bg3 32. Rxa7 d5 33. cxd5 cxd5 34. Rb1 Nd7 35. Rxd7 Rxd7 36. Qxd7 1-0

[Event "Speed Chess Q2"]
[Site "Chess.com INT"]
[Date "2022.11.12"]
[Round "10"]
[White "Deev, Andrei"]
[Black "Gheorghiu, Calin"]
[Result "0-1"]
[WhiteElo "2390"]
[BlackElo "2300"]
[PlyCount "78"]
[EventDate "2022.11.12"]
[EventType "swiss (blitz)"]
[EventRounds "14"]
[EventCountry "USA"]
[SourceTitle "CBM 211 Extra"]
[Source "ChessBase"]
[SourceDate "2023.01.31"]
[SourceVersion "1"]
[SourceVersionDate "2023.01.31"]
[SourceQuality "1"]

1. e4 c5 2. Nf3 d6 3. c3 Nf6 4. Be2 Nc6 5. d4 cxd4 6. cxd4 d5 7. e5 Ne4 8. Nc3 Nxc3 9. bxc3 e6 10. Bd3 Be7 11. Be3 h6 12. 0-0 Bd7 13. Rb1 Qc7 14. Nd2 Na5 15. Qg4 g6 16. Bxg6 fxg6 17. Qxg6+ Kd8 18. f4 Nc4 19. Nxc4 dxc4 20. f5 exf5 21. e6 Be8 22. Qg7 Rf8 23. Bxh6 Rf6 24. d5 Rg6 25. Qh8 Bf6 26. Qf8 Qe7 27. d6 Qxf8 28. Bxf8 Bc6 29. g3 Ke8 30. e7 Bxc3 31. Rfd1 f4 32. Kf2 fxg3+ 33. hxg3 Be5 34. d7+ Bxd7 35. Rxb7 Bc6 36. Rb4 Rf6+ 37. Ke3 Rf3+ 38. Ke2 c3 39. Rc4 Rf6 0-1

[Event "Speed Chess Q2"]
[Site "Chess.com INT"]
[Date "2022.11.12"]
[Round "7"]
[White "Deev, Andrei"]
[Black "Krishnakumar, Sriram"]
[Result "0-1"]
[WhiteElo "2390"]
[BlackElo "2248"]
[PlyCount "114"]
[EventDate "2022.11.12"]
[EventType "swiss (blitz)"]
[EventRounds "14"]
[EventCountry "USA"]
[SourceTitle "CBM 211 Extra"]
[Source "ChessBase"]
[SourceDate "2023.01.31"]
[SourceVersion "1"]
[SourceVersionDate "2023.01.31"]
[SourceQuality "1"]

1. e4 e5 2. Nf3 Nc6 3. Bc4 Bc5 4. d3 Nf6 5. Nc3 d6 6. h3 h6 7. Be3 Bb6 8. 0-0 0-0 9. Bxb6 axb6 10. d4 exd4 11. Nxd4 Nxd4 12. Qxd4 Be6 13. Bxe6 fxe6 14. e5 dxe5 15. Qxe5 Qd6 16. Rfe1 Rae8 17. Rad1 Qxe5 18. Rxe5 Rf7 19. g3 Nd7 20. Re3 Nc5 21. f4 Nd7 22. Ne4 e5 23. Nc3 Rfe7 24. Nd5 Rf7 25. Nxc7 Rc8 26. fxe5 Nxe5 27. Rxe5 Rfxc7 28. c3 Ra8 29. a3 Ra5 30. Rde1 Rd7 31. Rxa5 bxa5 32. Re2 Kf7 33. Kf2 Rd5 34. Ke3 b5 35. Ke4 Ke6 36. Rc2 Re5+ 37. Kd3 Rd5+ 38. Ke3 Re5+ 39. Kf3 Rf5+ 40. Kg4 Rg5+ 41. Kh4 Kd5 42. b3 Ke4 43. c4 g6 44. g4 Kd3 45. Rc1 bxc4 46. Rxc4 Rb5 47. a4 Rxb3 48. Rc5 h5 49. gxh5 gxh5 50. Rxa5 Ke4 51. Rxh5 Ra3 52. Ra5 Kf4 53. Ra8 Rb3 54. a5 Rb5 55. a6 Rb6 56. Kh5 Rb5+ 57. Kg6 Kg3 0-1

[Event "Speed Chess Q2"]
[Site "Chess.com INT"]
[Date "2022.11.12"]
[Round "1"]
[White "Deev, Andrei"]
[Black "Matinian, Nikita"]
[Result "0-1"]
[WhiteElo "2390"]
[BlackElo "2425"]
[PlyCount "102"]
[EventDate "2022.11.12"]
[EventType "swiss (blitz)"]
[EventRounds "14"]
[EventCountry "USA"]
[SourceTitle "CBM 211 Extra"]
[Source "ChessBase"]
[SourceDate "2023.01.31"]
[SourceVersion "1"]
[SourceVersionDate "2023.01.31"]
[SourceQuality "1"]

1. e4 c5 2. Nf3 d6 3. c3 Nf6 4. Be2 g6 5. 0-0 Bg7 6. Re1 0-0 7. Bf1 e5 8. d4 Nc6 9. dxc5 dxc5 10. Qc2 h6 11. Nbd2 Be6 12. Nc4 Qc7 13. Ne3 Rad8 14. Bc4 Bxc4 15. Nxc4 b5 16. Ne3 c4 17. a4 a6 18. axb5 axb5 19. b3 cxb3 20. Qxb3 Nxe4 21. Ba3 Rfe8 22. Nd5 Rxd5 23. Qxd5 Nxc3 24. Qc5 e4 25. Rac1 Re6 26. Rxc3 Bxc3 27. Qxc3 exf3 28. Rxe6 fxe6 29. Bb2 e5 30. Qb3+ Kg7 31. Qxb5 fxg2 32. Kxg2 Qd6 33. f4 Qd2+ 34. Kg1 Qd1+ 35. Kg2 Qg4+ 36. Kh1 Qf3+ 37. Kg1 Qe3+ 38. Kg2 Qxf4 39. Qxc6 Qd2+ 40. Kf3 Qxb2 41. Qd7+ Kf6 42. Qd8+ Kf5 43. Qd7+ Kg5 44. h4+ Kf6 45. Qd8+ Ke6 46. Qe8+ Kd6 47. Qd8+ Kc5 48. Qc7+ Kd5 49. Qf7+ Kd4 50. Qd7+ Kc3 51. Qc7+ Kd2 0-1

[Event "Speed Chess Q2"]
[Site "Chess.com INT"]
[Date "2022.11.12"]
[Round "9"]
[White "Larina, Marija"]
[Black "Deev, Andrei"]
[Result "1/2-1/2"]
[WhiteElo "1948"]
[BlackElo "2390"]
[PlyCount "62"]
[EventDate "2022.11.12"]
[EventType "swiss (blitz)"]
[EventRounds "14"]
[EventCountry "USA"]
[SourceTitle "CBM 211 Extra"]
[Source "ChessBase"]
[SourceDate "2023.01.31"]
[SourceVersion "1"]
[SourceVersionDate "2023.01.31"]
[SourceQuality "1"]

1. e4 d6 2. d4 Nf6 3. Nc3 c6 4. a4 e6 5. g3 d5 6. e5 Nfd7 7. f4 c5 8. Nce2 Nc6 9. Nf3 cxd4 10. Nexd4 Nc5 11. Nxc6 bxc6 12. Bg2 Ba6 13. Nd4 Qc7 14. Kf2 Ne4+ 15. Bxe4 dxe4 16. Be3 Be7 17. Qg4 0-0 18. Rhd1 Rab8 19. b3 c5 20. Nxe6 fxe6 21. Qxe6+ Rf7 22. Qxa6 Qxe5 23. Qxa7 Rbf8 24. Qa6 Rxf4+ 25. Bxf4 Rxf4+ 26. gxf4 Qxf4+ 27. Kg2 Qf3+ 28. Kg1 Qe3+ 29. Kg2 Qf3+ 30. Kg1 Qe3+ 31. Kg2 Qf3+ 1/2-1/2

[Event "Speed Chess Q1"]
[Site "Chess.com INT"]
[Date "2022.11.10"]
[Round "12"]
[White "Arencibia Monduy, Antonio"]
[Black "Deev, Andrei"]
[Result "0-1"]
[WhiteElo "2100"]
[BlackElo "2390"]
[PlyCount "94"]
[EventDate "2022.11.10"]
[EventType "swiss (blitz)"]
[EventRounds "14"]
[EventCountry "USA"]
[SourceTitle "CBM 211 Extra"]
[Source "ChessBase"]
[SourceDate "2023.01.31"]
[SourceVersion "1"]
[SourceVersionDate "2023.01.31"]
[SourceQuality "1"]

1. d4 d6 2. c4 e5 3. e3 Nc6 4. d5 Nce7 5. Nc3 f5 6. Qc2 Nf6 7. Bd2 g6 8. h4 Bg7 9. Nf3 c6 10. dxc6 bxc6 11. 0-0-0 e4 12. Nd4 c5 13. Nde2 Be6 14. Nf4 Bf7 15. Qa4+ Qd7 16. Qxd7+ Kxd7 17. Be2 Kc6 18. f3 Rab8 19. b3 d5 20. cxd5+ Nexd5 21. Nfxd5 Nxd5 22. Nxd5 Bxd5 23. Kc2 Rhd8 24. Bc3 Bxc3 25. Kxc3 exf3 26. Bxf3 Bxf3 27. gxf3 Re8 28. Rhe1 Rb7 29. Rd3 Rb4 30. e4 fxe4 31. Rde3 Kd5 32. fxe4+ Rbxe4 33. Rd1+ Kc6 34. Red3 R8e6 35. Rd7 Rxh4 36. Rxa7 Re3+ 37. Kb2 Rh2+ 38. Ka3 Ree2 39. Ra1 g5 40. Ra6+ Kb5 41. Rf6 g4 42. Rf5 h5 43. Rf8 g3 44. Rb8+ Ka5 45. b4+ cxb4+ 46. Rxb4 h4 47. Rb3 Rhf2 0-1

[Event "Titled Tuesday intern op 01st Nov Early"]
[Site "Chess.com INT"]
[Date "2022.11.01"]
[Round "7"]
[White "Deev, Andrei"]
[Black "Buscar, Michael"]
[Result "0-1"]
[WhiteElo "2390"]
[BlackElo "2041"]
[PlyCount "146"]
[EventDate "2022.11.01"]
[EventType "swiss (blitz)"]
[EventRounds "11"]
[EventCountry "USA"]
[SourceTitle "EXT 2024"]
[Source "ChessBase"]
[SourceDate "2023.10.10"]
[SourceVersion "1"]
[SourceVersionDate "2023.10.10"]
[SourceQuality "1"]

1. e4 c5 2. Nf3 Nc6 3. c3 Nf6 4. e5 Nd5 5. d4 cxd4 6. cxd4 d6 7. Nc3 e6 8. Bd2 Be7 9. Bd3 Nxc3 10. Bxc3 Bd7 11. 0-0 Qb6 12. Qe2 Nb4 13. Bxb4 Qxb4 14. d5 0-0 15. a3 Qg4 16. dxe6 Bxe6 17. Qe4 Qxe4 18. Bxe4 dxe5 19. Nxe5 Bf6 20. Nd3 Bc4 21. Rfd1 Rad8 22. Rac1 b5 23. b4 Rd4 24. Nc5 Rfd8 25. Rxd4 Bxd4 26. Rb1 g6 27. g3 f5 28. Bc6 Bc3 29. a4 Ba2 30. Rc1 Bxb4 31. axb5 Rd2 32. Nd7 Kg7 33. Ne5 Ba5 34. Nf3 Rb2 35. Nd4 Bb6 36. Rd1 Bb3 37. Rd3 Bc4 38. Rd1 Bxd4 39. Rxd4 Bxb5 40. Bxb5 Rxb5 41. Rd7+ Kh6 42. Rxa7 Rb1+ 43. Kg2 Rb2 44. Rc7 Rb3 45. Rd7 Rb8 46. Re7 Rh8 47. Rd7 Kg5 48. h4+ Kf6 49. f3 h6 50. Kh3 Re8 51. Rd6+ Kf7 52. g4 f4 53. g5 h5 54. Rf6+ Kg7 55. Rxf4 Re1 56. Re4 Rh1+ 57. Kg3 Rg1+ 58. Kf2 Rh1 59. Kg2 Ra1 60. Re7+ Kg8 61. Rb7 Ra4 62. Kg3 Rc4 63. Rb6 Kg7 64. Re6 Rd4 65. Re4 Rd3 66. Kf4 Rd1 67. Ke5 Kf7 68. Rf4+ Kg7 69. Re4 Rf1 70. Rf4 Re1+ 71. Re4 Rh1 72. Rf4 Re1+ 73. Re4 Ra1 0-1

[Event "Titled Tuesday intern op 25th Oct Early"]
[Site "Chess.com INT"]
[Date "2022.10.25"]
[Round "11"]
[White "Deev, Andrei"]
[Black "Dilmukhametov, Artur"]
[Result "0-1"]
[WhiteElo "2390"]
[BlackElo "2276"]
[PlyCount "40"]
[EventDate "2022.10.25"]
[EventType "swiss (blitz)"]
[EventRounds "11"]
[EventCountry "USA"]
[SourceTitle "EXT 2024"]
[Source "ChessBase"]
[SourceDate "2023.10.10"]
[SourceVersion "1"]
[SourceVersionDate "2023.10.10"]
[SourceQuality "1"]

1. e4 e6 2. d4 d5 3. Nd2 Nf6 4. e5 Nfd7 5. Bd3 c5 6. c3 Nc6 7. Ngf3 cxd4 8. cxd4 f6 9. exf6 Nxf6 10. 0-0 Bd6 11. Re1 0-0 12. Nf1 Qc7 13. Bg5 Bd7 14. Ne3 Rae8 15. Rc1 Bf4 16. Qc2 g6 17. Bh4 Rf7 18. Bxg6 hxg6 19. Qxg6+ Rg7 20. Qh5 Nxh5 0-1

[Event "Bundesliga 9798"]
[Site "Germany"]
[Date "1998.01.31"]
[Round "8.7"]
[White "Deev, Andrei"]
[Black "Luethgens, Eike"]
[Result "1/2-1/2"]
[WhiteElo "2400"]
[BlackElo "2305"]
[PlyCount "152"]
[EventDate "1997.10.18"]
[EventType "team-tourn"]
[EventRounds "15"]
[EventCountry "GER"]
[SourceTitle "GER-chT"]
[Source "ChessBase"]
[SourceDate "1999.07.01"]
[SourceVersion "1"]
[SourceVersionDate "1999.07.01"]
[SourceQuality "1"]
[WhiteTeam "Berlin Empor"]
[BlackTeam "Plettenberg"]
[WhiteTeamCountry "GER"]
[BlackTeamCountry "GER"]

1. e4 Nf6 2. e5 Nd5 3. d4 d6 4. Nf3 g6 5. Bc4 Nb6 6. Bb3 Bg7 7. Qe2 d5 8. Bf4 Bg4 9. Nbd2 a5 10. c3 a4 11. Bc2 e6 12. 0-0 0-0 13. h3 Bxf3 14. Nxf3 c5 15. h4 cxd4 16. cxd4 Nc6 17. Bg5 Qc7 18. Rac1 Nd7 19. Bb1 Qb6 20. Rcd1 Ra5 21. h5 Rb5 22. Bc1 Rc8 23. g3 Nf8 24. Kg2 Na5 25. Bc2 Rb4 26. a3 Rxb2 27. Bxb2 Qxb2 28. Bd3 Qxe2 29. Bxe2 Nd7 30. hxg6 hxg6 31. Rc1 Nc4 32. Nd2 b5 33. Nxc4 bxc4 34. Bd1 Ra8 35. Bc2 Bf8 36. Ra1 Nb8 37. Kf3 Nc6 38. Ke3 Be7 39. Rfb1 Ra6 40. Rb7 Bd8 41. Rab1 Ba5 42. Bxa4 Bd2+ 43. Kxd2 Rxa4 44. Ra1 Nxd4 45. Kc3 Nf3 46. Rb4 Ra6 47. Rb8+ Kg7 48. Kb4 Nxe5 49. Kb5 Ra7 50. a4 c3 51. Rc8 Nc4 52. Rxc4 dxc4 53. Rc1 Rb7+ 54. Kxc4 Rb2 55. Rxc3 Rxf2 56. Ra3 Rc2+ 57. Kb5 Rb2+ 58. Kc6 Rc2+ 59. Kd7 Rd2+ 60. Ke7 Rb2 61. a5 Rb7+ 62. Kd6 Ra7 63. Kc6 f5 64. Kb6 Ra8 65. Kb7 Rh8 66. a6 Kf6 67. a7 Kg5 68. a8Q Rxa8 69. Rxa8 Kg4 70. Kc6 Kxg3 71. Ra3+ Kg2 72. Kc5 e5 73. Kd5 e4 74. Ke5 Kf2 75. Kf4 e3 76. Rxe3 g5+ 1/2-1/2

[Event "Bundesliga 9798"]
[Site "Germany"]
[Date "1997.12.07"]
[Round "6.8"]
[White "Deev, Andrei"]
[Black "Herbrechtsmeier, Christof"]
[Result "0-1"]
[WhiteElo "2400"]
[BlackElo "2280"]
[PlyCount "78"]
[EventDate "1997.10.18"]
[EventType "team-tourn"]
[EventRounds "15"]
[EventCountry "GER"]
[SourceTitle "GER-chT"]
[Source "ChessBase"]
[SourceDate "1999.07.01"]
[SourceVersion "1"]
[SourceVersionDate "1999.07.01"]
[SourceQuality "1"]
[WhiteTeam "Berlin Empor"]
[BlackTeam "Zaehringen"]
[WhiteTeamCountry "GER"]
[BlackTeamCountry "GER"]

1. e4 d5 2. exd5 Nf6 3. d4 Bg4 4. Nf3 Qxd5 5. Be2 Nc6 6. c4 Qh5 7. d5 Ne5 8. Qb3 0-0-0 9. Qe3 Bxf3 10. gxf3 e6 11. f4 Bb4+ 12. Bd2 Nxc4 13. Bxc4 Nxd5 14. Bxd5 exd5 15. 0-0 Bc5 16. Qd3 f5 17. Nc3 Rd6 18. h3 Re8 19. Rae1 Re4 20. Kh2 c6 21. Nxe4 dxe4 22. Qe2 Qh4 23. Rc1 Bd4 24. Rc3 Bxc3 25. bxc3 Rd3 26. Be3 g5 27. Rd1 gxf4 28. Rxd3 exd3 29. Qxd3 fxe3 30. Qxf5+ Kc7 31. Qe5+ Kd7 32. Qxe3 b6 33. f4 Qf6 34. Qe4 h6 35. Qd3+ Ke7 36. Kg3 Qg7+ 37. Kf3 Qf6 38. a4 Qh4 39. Qe4+ Kd7 0-1